Inteligentný palubný systém

Guardado en:
Detalles Bibliográficos
Autor principal: Černianska, Zuzana (Autor)
Otros Autores: Dekan, Martin (Orientador)
Formato: Manuscrito Libro
Lenguaje:eslovaco
Publicado: 2017
Materias:
Acceso en línea:http://is.stuba.sk/zp/portal_zp.pl?podrobnosti=125296
Etiquetas: Agregar Etiqueta
Sin Etiquetas, Sea el primero en etiquetar este registro!

MARC

LEADER 00000ntm a22000003a 4500
001 stuzp59729
003 SK-STU
005 20170711135557.6
007 ta
008 150427s2015----xo-----f-mn---000-0-slo-d
040 |a STU  |b slo 
041 0 |a slo 
044 |a xo 
100 1 |a Černianska, Zuzana  |u 031000  |4 aut  |U FEI Fakulta elektrotechniky a informatiky  |T FEI Ústav robotiky a kybernetiky  |X 74500  |U E011  |Y 356  |7 74500 
242 0 1 |a Intelligent on-board system  |y eng 
245 1 0 |a Inteligentný palubný systém 
260 |c 2017 
300 |a 45 s., príl.,  |b CD-ROM 
650 4 |a palubný systém  |2 slo 
650 4 |a OBD2  |2 slo 
650 4 |a senzory  |2 slo 
650 4 |a embedded riešenia  |2 slo 
650 4 |a sensors  |2 eng 
650 4 |a embedded  |2 eng 
650 4 |a on-board system  |2 eng 
650 4 |a OBD2  |2 eng 
700 1 |a Dekan, Martin  |u 031000  |k Z1  |4 ths  |U FEI Fakulta elektrotechniky a informatiky  |T FEI Ústav robotiky a kybernetiky  |X 16569  |U E011  |Y 356  |7 A000016569 
856 4 |u http://is.stuba.sk/zp/portal_zp.pl?podrobnosti=125296 
996 |b 284ER02331  |c E*Bc- 2331  |l EE31  |s P  |a 0  |w stuzp59729_0001